00343nam a2200133Ia 4500008004100000041000800041082001500049100002500064245003900089250001400128260003100142300003100173365000500204240624s9999 xx 000 0 und d aeng a300.72 MON aMONTGOMERY DOUGLAS C aDESIGN AND ANALYSIS OF EXPERIMENTS a(5th ed.) c2004aNew YorkbJohn Wiley axii, : 684 : p. : cm. ; 26 c